[Event "Bydgoszcz op"]
[Site "Bydgoszcz POL"]
[Date "2022.07.03"]
[Round "9.10"]
[White "Golubka, Petro"]
[Black "Kacprzak, Kacper"]
[Result "1-0"]
[WhiteElo "2379"]
[BlackElo "2238"]
[WhiteFideId "-1"]
[BlackFideId "-1"]
[PlyCount "47"]
[GameId "2130307574483229"]
[EventDate "2022.06.25"]
[EventType "swiss"]
[EventRounds "10"]
[EventCountry "POL"]
[SourceTitle "10 Days #692"]
[Source "ChessMix"]
[SourceDate "2022.07.10"]
[SourceVersion "1"]
[SourceVersionDate "2022.07.10"]
[SourceQuality "1"]

1. d4 Nf6 2. c4 e6 3. g3 c5 4. Nf3 cxd4 5. Nxd4 Qc7 6. b3 Bb4+ 7. Bd2 Bc5 8. e3 e5 9. Nb5 Qc6 10. Rg1 a6 11. N5c3 O-O 12. g4 Qe6 13. Bd3 b5 14. Bf5 Qd6 15. g5 Ne8 16. Ne4 Qe7 17. Nbc3 Bb7 18. Bxh7+ Kxh7 19. Qh5+ Kg8 20. Rg3 g6 21. Qh6 f5 22. Qxg6+ Qg7 23. Qxg7+ Kxg7 24. Nxc5 1-0

[Event "Bydgoszcz op"]
[Site "Bydgoszcz POL"]
[Date "2022.07.04"]
[Round "10.7"]
[White "Golubka, Petro"]
[Black "Prokofiev, Valentyn"]
[Result "1/2-1/2"]
[WhiteElo "2379"]
[BlackElo "2286"]
[WhiteFideId "-1"]
[BlackFideId "-1"]
[PlyCount "35"]
[GameId "2130307574483249"]
[EventDate "2022.06.25"]
[EventType "swiss"]
[EventRounds "10"]
[EventCountry "POL"]
[SourceTitle "10 Days #692"]
[Source "ChessMix"]
[SourceDate "2022.07.10"]
[SourceVersion "1"]
[SourceVersionDate "2022.07.10"]
[SourceQuality "1"]

1. c4 g6 2. d4 Bg7 3. Nc3 c5 4. e3 Nf6 5. Nf3 O-O 6. h3 cxd4 7. exd4 d5 8. Bd3 dxc4 9. Bxc4 Nbd7 10. O-O Nb6 11. Bb3 Nbd5 12. Re1 e6 13. Nxd5 Nxd5 14. Bg5 Qd6 15. Qd2 b6 16. Rac1 Bb7 17. Ne5 Rfc8 18. Bh6 1/2-1/2

[Event "Malopolska op"]
[Site "Krakow POL"]
[Date "2022.06.16"]
[Round "1.2"]
[White "Janeczko, Jakub"]
[Black "Golubka, Petro"]
[Result "0-1"]
[WhiteElo "2087"]
[BlackElo "2379"]
[WhiteFideId "-1"]
[BlackFideId "-1"]
[PlyCount "58"]
[GameId "2130307574860483"]
[EventDate "2022.06.16"]
[EventType "swiss"]
[EventRounds "7"]
[EventCountry "POL"]
[SourceTitle "10 Days #691"]
[Source "ChessMix"]
[SourceDate "2022.07.01"]
[SourceVersion "1"]
[SourceVersionDate "2022.07.01"]
[SourceQuality "1"]

1. e4 b6 2. d4 Bb7 3. Nc3 e6 4. Bd3 g6 5. Nf3 d6 6. h4 h6 7. Qe2 Bg7 8. Bf4 Ne7 9. O-O-O Nd7 10. Kb1 a6 11. a3 b5 12. e5 Bxf3 13. Qxf3 d5 14. Rhe1 c5 15. dxc5 Nxc5 16. Bf1 Qb6 17. Ne2 Nf5 18. h5 g5 19. Bh2 Ne4 20. Nd4 Nxd4 21. Qe3 Qc6 22. Rxd4 Rc8 23. Bd3 Nc5 24. f4 Bf8 25. fxg5 hxg5 26. Qxg5 Nxd3 27. cxd3 Qc2+ 28. Ka2 Rc3 29. Ka1 Bxa3 0-1

[Event "Malopolska op"]
[Site "Krakow POL"]
[Date "2022.06.16"]
[Round "2.2"]
[White "Golubka, Petro"]
[Black "Kyc, Jerzy"]
[Result "1/2-1/2"]
[WhiteElo "2379"]
[BlackElo "2213"]
[WhiteFideId "-1"]
[BlackFideId "-1"]
[PlyCount "73"]
[GameId "2130307574860510"]
[EventDate "2022.06.16"]
[EventType "swiss"]
[EventRounds "7"]
[EventCountry "POL"]
[SourceTitle "10 Days #691"]
[Source "ChessMix"]
[SourceDate "2022.07.01"]
[SourceVersion "1"]
[SourceVersionDate "2022.07.01"]
[SourceQuality "1"]

1. d4 d5 2. Nf3 Nf6 3. e3 c5 4. dxc5 e6 5. a3 Bxc5 6. b4 Be7 7. Bb2 O-O 8. c4 dxc4 9. Bxc4 Qxd1+ 10. Kxd1 a5 11. b5 Rd8+ 12. Ke2 Nbd7 13. Nbd2 Nc5 14. Rhc1 Bd7 15. a4 Rac8 16. Nb3 Nxb3 17. Bxb3 Rxc1 18. Rxc1 Rc8 19. Ne5 Rxc1 20. Bxc1 Bc5 21. f3 Kf8 22. Nd3 Bd6 23. Bd2 b6 24. e4 Bc7 25. h4 Bc8 26. g4 Nd7 27. Be3 Bb7 28. h5 h6 29. e5 Ke7 30. f4 f6 31. Bf2 fxe5 32. Nxe5 Nxe5 33. fxe5 Be4 34. Be3 Kf7 35. Bf4 Bd8 36. Be3 Bc7 37. Bf4 1/2-1/2

[Event "Malopolska op"]
[Site "Krakow POL"]
[Date "2022.06.17"]
[Round "3.3"]
[White "Golenia, Wojciech"]
[Black "Golubka, Petro"]
[Result "1-0"]
[WhiteElo "2130"]
[BlackElo "2379"]
[WhiteFideId "-1"]
[BlackFideId "-1"]
[PlyCount "207"]
[GameId "2130307574864635"]
[EventDate "2022.06.16"]
[EventType "swiss"]
[EventRounds "7"]
[EventCountry "POL"]
[SourceTitle "10 Days #691"]
[Source "ChessMix"]
[SourceDate "2022.07.01"]
[SourceVersion "1"]
[SourceVersionDate "2022.07.01"]
[SourceQuality "1"]

1. e4 c6 2. d4 d5 3. e5 h5 4. Bd3 Na6 5. c3 Nc7 6. Nf3 Bg4 7. Nbd2 e6 8. h3 Bf5 9. Nf1 Ne7 10. Be2 Be4 11. Bg5 Bxf3 12. Bxf3 h4 13. Bh5 Qd7 14. Bxh4 g6 15. Bxe7 Bxe7 16. Be2 O-O-O 17. b4 Kb8 18. Ne3 Qe8 19. Ng4 b5 20. O-O Kb7 21. Qd2 Ra8 22. a4 a6 23. Ra3 Qd7 24. Rfa1 Qe8 25. Qf4 Rh7 26. Qf3 Qd8 27. Rb3 Qd7 28. Bd3 Qd8 29. Kh2 Qd7 30. Rb2 Qd8 31. Rba2 Qd7 32. g3 Qd8 33. Kg2 Qd7 34. h4 Qe8 35. Qf4 Qd8 36. Rh1 Qe8 37. Raa1 bxa4 38. Rxa4 c5 39. Rha1 c4 40. Be2 Qd8 41. Qf3 Kb8 42. Ra5 Ra7 43. Bd1 Rb7 44. Bc2 Qh8 45. h5 Qg7 46. hxg6 fxg6 47. R5a2 Rh8 48. Rh1 Rxh1 49. Kxh1 Ka7 50. Kg2 Rb8 51. Ra1 Rf8 52. Qe3 g5 53. Rh1 Rh8 54. Rxh8 Qxh8 55. Ba4 Kb6 56. Qf3 Qg7 57. Ne3 Ka7 58. Qh5 Kb6 59. Be8 a5 60. bxa5+ Kxa5 61. Bd7 Ba3 62. Bc6 Bc1 63. Nd1 Kb6 64. Ba4 Ka5 65. Bc2 Qf8 66. Qh7 Kb6 67. Qg6 Kb7 68. Ba4 Qa3 69. Qb1+ Kc8 70. Bc6 Qa6 71. Qxc1 Qxc6 72. Qxg5 Qa4 73. Qd2 Qa1 74. Qc2 Nb5 75. g4 Kd8 76. g5 Nxd4 77. cxd4 Qxd4 78. Qe2 Qf4 79. Qh5 Qxe5 80. Ne3 c3 81. Qg6 d4 82. Ng4 Qd5+ 83. f3 d3 84. Qg8+ Kc7 85. Qg7+ Kb8 86. Qh8+ Kb7 87. Qg7+ Kb8 88. Qxc3 d2 89. Qb4+ Kc7 90. Qe7+ Kc6 91. Nf2 d1=Q 92. Nxd1 Qxd1 93. Qxe6+ Kc7 94. g6 Qd2+ 95. Kg3 Qh6 96. Qf6 Kd7 97. f4 Qh1 98. g7 Qg1+ 99. Kh4 Qh2+ 100. Kg5 Qg3+ 101. Kh6 Qh3+ 102. Kg6 Qg4+ 103. Kh7 Qh5+ 104. Qh6 1-0

[Event "Malopolska op"]
[Site "Krakow POL"]
[Date "2022.06.17"]
[Round "4.6"]
[White "Golubka, Petro"]
[Black "Palosz, Andrzej"]
[Result "1-0"]
[WhiteElo "2379"]
[BlackElo "2034"]
[WhiteFideId "-1"]
[BlackFideId "-1"]
[PlyCount "95"]
[GameId "2130307574864665"]
[EventDate "2022.06.16"]
[EventType "swiss"]
[EventRounds "7"]
[EventCountry "POL"]
[SourceTitle "10 Days #691"]
[Source "ChessMix"]
[SourceDate "2022.07.01"]
[SourceVersion "1"]
[SourceVersionDate "2022.07.01"]
[SourceQuality "1"]

1. d4 Nf6 2. Nc3 d5 3. Bg5 Nbd7 4. Qd2 e6 5. a3 c5 6. e3 Be7 7. Bb5 O-O 8. Nge2 a6 9. Bxd7 cxd4 10. exd4 Bxd7 11. O-O Qc7 12. Ng3 Rfc8 13. Rfe1 b5 14. Nh5 Qd8 15. Bxf6 Bxf6 16. Nxf6+ Qxf6 17. Ne2 a5 18. Nc1 Rab8 19. Nb3 b4 20. axb4 Rxb4 21. Rxa5 Rcb8 22. Rea1 Be8 23. Ra8 Qe7 24. Rxb8 Rxb8 25. h3 f6 26. Ra2 Qb4 27. Qe3 Bf7 28. Nc5 Re8 29. c3 Qb8 30. b4 e5 31. Ra1 exd4 32. Qxd4 h6 33. Qd2 Rd8 34. Nb3 Qb5 35. Nd4 Qc4 36. Qe3 Rc8 37. Rc1 Re8 38. Qg3 Re5 39. f4 Re4 40. Nf5 g6 41. Nd6 Qc6 42. Nxe4 dxe4 43. Qe3 Bc4 44. Qd4 Qe6 45. Qd8+ Kf7 46. Qc7+ Kg8 47. Rd1 Bd3 48. Ra1 1-0

[Event "Malopolska op"]
[Site "Krakow POL"]
[Date "2022.06.18"]
[Round "5.4"]
[White "Chylewski, Patryk"]
[Black "Golubka, Petro"]
[Result "0-1"]
[WhiteElo "2302"]
[BlackElo "2379"]
[WhiteFideId "-1"]
[BlackFideId "-1"]
[PlyCount "106"]
[GameId "2130307574864690"]
[EventDate "2022.06.16"]
[EventType "swiss"]
[EventRounds "7"]
[EventCountry "POL"]
[SourceTitle "10 Days #691"]
[Source "ChessMix"]
[SourceDate "2022.07.01"]
[SourceVersion "1"]
[SourceVersionDate "2022.07.01"]
[SourceQuality "1"]

1. Nf3 b6 2. g3 Bb7 3. Bg2 e6 4. c4 Nf6 5. O-O c5 6. Nc3 Be7 7. Re1 d6 8. e4 e5 9. d3 Nc6 10. Nh4 Nd4 11. f4 O-O 12. Nf5 a6 13. Nxd4 cxd4 14. Ne2 b5 15. b3 Nd7 16. Bh3 Nc5 17. Ba3 bxc4 18. bxc4 Qa5 19. Bxc5 Qxc5 20. Nc1 Qc7 21. Qd2 a5 22. Rf1 h6 23. Rb1 Bc6 24. Qf2 g6 25. Nb3 Rab8 26. Nd2 Rxb1 27. Rxb1 Rb8 28. Qe1 a4 29. Rxb8+ Qxb8 30. Qb1 Qc7 31. Nf3 Kg7 32. Kf2 a3 33. Bf1 exf4 34. gxf4 Qa5 35. Qc1 Bf6 36. Be2 Qb4 37. Bd1 g5 38. Bb3 Qc5 39. Qd2 g4 40. Ne1 Bh4+ 41. Kf1 f5 42. Ng2 Bf6 43. Qe2 h5 44. Ne1 h4 45. Bd1 Bd7 46. exf5 Qxf5 47. Qe4 h3 48. Kg1 Qa5 49. Nc2 Qd2 50. Qe2 Qxf4 51. Nxa3 g3 52. Nc2 g2 53. Nb4 Be5 0-1

[Event "Malopolska op"]
[Site "Krakow POL"]
[Date "2022.06.18"]
[Round "6.3"]
[White "Golubka, Petro"]
[Black "Marszalek, Maciej"]
[Result "1-0"]
[WhiteElo "2379"]
[BlackElo "2287"]
[WhiteFideId "-1"]
[BlackFideId "-1"]
[PlyCount "51"]
[GameId "2130307574868810"]
[EventDate "2022.06.16"]
[EventType "swiss"]
[EventRounds "7"]
[EventCountry "POL"]
[SourceTitle "10 Days #691"]
[Source "ChessMix"]
[SourceDate "2022.07.01"]
[SourceVersion "1"]
[SourceVersionDate "2022.07.01"]
[SourceQuality "1"]

1. e4 e5 2. Nf3 Nc6 3. Bb5 a6 4. Ba4 Nf6 5. d3 b5 6. Bb3 Be7 7. O-O O-O 8. Nbd2 d6 9. c3 Bb7 10. a3 Qd7 11. Re1 h6 12. d4 Rfe8 13. Nf1 Rad8 14. Ng3 Bf8 15. h3 Na5 16. Bc2 exd4 17. cxd4 d5 18. e5 Ne4 19. Nh5 Kh8 20. Nh2 Nc6 21. Be3 f5 22. exf6 Nxf6 23. Nxf6 gxf6 24. Qh5 Re4 25. Bxe4 dxe4 26. Ng4 1-0

[Event "Przeworsk GM"]
[Site "Przeworsk POL"]
[Date "2022.05.30"]
[Round "1.2"]
[White "Golubka, Petro"]
[Black "Mis, Mieszko"]
[Result "1/2-1/2"]
[WhiteElo "2380"]
[BlackElo "2388"]
[WhiteFideId "-1"]
[BlackFideId "-1"]
[PlyCount "145"]
[GameId "2130307575509404"]
[EventDate "2022.05.30"]
[EventType "tourn"]
[EventRounds "9"]
[EventCountry "POL"]
[EventCategory "8"]
[SourceTitle "10 Days #689"]
[Source "ChessMix"]
[SourceDate "2022.06.10"]
[SourceVersion "1"]
[SourceVersionDate "2022.06.10"]
[SourceQuality "1"]

1. e4 c6 2. d4 d5 3. e5 Bf5 4. Nd2 e6 5. Nb3 Nd7 6. Be3 Ne7 7. h4 h5 8. Be2 Be4 9. f3 Bf5 10. c3 Qc7 11. Nh3 f6 12. f4 O-O-O 13. Nd2 Bg6 14. b4 Nf5 15. Bf2 Be7 16. g3 Bf7 17. O-O Rdg8 18. Nf3 Nh6 19. Bd3 Kb8 20. Kg2 Ka8 21. a4 Rc8 22. Qb3 Rhd8 23. a5 a6 24. Qc2 Nb8 25. Rfb1 Qd7 26. Nd2 Nf5 27. Bxf5 exf5 28. Nf3 Re8 29. Be3 Be6 30. Nf2 Bf8 31. Nd3 Qf7 32. Qd2 Rcd8 33. Kf2 Be7 34. Rb2 Rd7 35. Rab1 Rc7 36. Kg2 Rd8 37. Bg1 Re8 38. Qf2 Rec8 39. Kh2 Bf8 40. Rb3 Be7 41. Nb2 Nd7 42. Na4 Bf8 43. R1b2 Be7 44. Kg2 Bf8 45. Ra3 Re8 46. c4 Rd8 47. Ra1 Nb8 48. Qe3 Be7 49. Re1 Bc8 50. Bf2 Bf8 51. Qe2 Be7 52. b5 axb5 53. cxb5 cxb5 54. Qxb5 Na6 55. Nb6+ Ka7 56. Nxc8+ Rdxc8 57. e6 Qe8 58. Qxd5 Nb4 59. Qxf5 Rc2 60. d5+ Ka8 61. Rxc2 Rxc2 62. a6 Bc5 63. axb7+ Kxb7 64. Rf1 Qb5 65. d6 Qe2 66. Ng1 Qxf1+ 67. Kxf1 Rxf2+ 68. Ke1 Nc2+ 69. Qxc2 Rxc2 70. e7 Bb4+ 71. Kd1 Rc8 72. d7 Bxe7 73. dxc8=Q+ 1/2-1/2

[Event "Przeworsk GM"]
[Site "Przeworsk POL"]
[Date "2022.05.31"]
[Round "2.5"]
[White "Neugebauer, Martin"]
[Black "Golubka, Petro"]
[Result "1-0"]
[WhiteElo "2505"]
[BlackElo "2380"]
[WhiteFideId "-1"]
[BlackFideId "-1"]
[PlyCount "97"]
[GameId "2130307575509411"]
[EventDate "2022.05.30"]
[EventType "tourn"]
[EventRounds "9"]
[EventCountry "POL"]
[EventCategory "8"]
[SourceTitle "10 Days #689"]
[Source "ChessMix"]
[SourceDate "2022.06.10"]
[SourceVersion "1"]
[SourceVersionDate "2022.06.10"]
[SourceQuality "1"]

1. e4 d5 2. exd5 Qxd5 3. Nf3 Bg4 4. Be2 c6 5. O-O Nf6 6. c4 Qd8 7. d4 e6 8. Nc3 Be7 9. Be3 O-O 10. h3 Bh5 11. g4 Bg6 12. Ne5 Nbd7 13. h4 Nxe5 14. dxe5 Ne4 15. Nxe4 Bxe4 16. f3 Qa5 17. fxe4 Qxe5 18. Qe1 Qxb2 19. Bf3 Bf6 20. Qg3 Be5 21. Rab1 Qxb1 22. Qxe5 Qd3 23. Bd4 f6 24. Qxe6+ Kh8 25. Ba1 Qe3+ 26. Kh1 Rad8 27. g5 Qf4 28. gxf6 Qxh4+ 29. Kg1 gxf6 30. Bg2 Kg7 31. Qe7+ Kg6 32. e5 Rd2 33. Qxf8 Rxg2+ 34. Kxg2 Qg4+ 35. Kf2 Qf4+ 36. Ke2 Qxc4+ 37. Ke3 Qxf1 38. Qxf6+ Qxf6 39. exf6 a5 40. Ke4 a4 41. Ke5 Kf7 42. Bd4 a3 43. Kf5 h6 44. Bc5 h5 45. Be7 b5 46. Kg5 c5 47. Bxc5 h4 48. Bxa3 h3 49. Bd6 1-0

[Event "Przeworsk GM"]
[Site "Przeworsk POL"]
[Date "2022.05.31"]
[Round "3.1"]
[White "Golubka, Petro"]
[Black "Stefansson, Hannes"]
[Result "0-1"]
[WhiteElo "2380"]
[BlackElo "2534"]
[WhiteFideId "-1"]
[BlackFideId "-1"]
[PlyCount "118"]
[GameId "2130307575509412"]
[EventDate "2022.05.30"]
[EventType "tourn"]
[EventRounds "9"]
[EventCountry "POL"]
[EventCategory "8"]
[SourceTitle "10 Days #689"]
[Source "ChessMix"]
[SourceDate "2022.06.10"]
[SourceVersion "1"]
[SourceVersionDate "2022.06.10"]
[SourceQuality "1"]

1. d4 Nf6 2. c4 e6 3. Nc3 Bb4 4. a3 Bxc3+ 5. bxc3 c5 6. f3 d5 7. e3 O-O 8. cxd5 Nxd5 9. Ne2 b6 10. dxc5 bxc5 11. e4 Nb6 12. Qxd8 Rxd8 13. a4 Ba6 14. Bg5 f6 15. Be3 N8d7 16. Nf4 Bxf1 17. Kxf1 Kf7 18. Ke2 Nc4 19. Rhb1 Rab8 20. Nd3 Rdc8 21. Bf2 a6 22. h4 Rb6 23. Rxb6 Ncxb6 24. Nb2 Ne5 25. Kd2 Ke7 26. Kc2 Nbc4 27. Nxc4 Nxc4 28. Kb3 Na5+ 29. Kc2 Kd6 30. h5 Kc6 31. Rd1 Rb8 32. Be3 Nc4 33. Bc1 e5 34. g3 Nb6 35. f4 Re8 36. fxe5 Rxe5 37. Bf4 Re6 38. Rd8 g5 39. hxg6 hxg6 40. a5 Nc4 41. Rc8+ Kb5 42. Kd3 Nxa5 43. g4 Nc6 44. Rg8 c4+ 45. Ke3 g5 46. Bc7 a5 47. Ra8 Re7 48. Bg3 Rd7 49. Ke2 a4 50. Bf2 Rd8 51. Rxd8 Nxd8 52. Kd2 a3 53. Kc2 Nc6 54. Bd4 Nxd4+ 55. cxd4 Kb4 56. d5 c3 57. d6 a2 58. d7 a1=Q 59. d8=Q Qb2+ 0-1

[Event "Przeworsk GM"]
[Site "Przeworsk POL"]
[Date "2022.06.01"]
[Round "4.5"]
[White "Golubka, Petro"]
[Black "Licznerski, Lukasz"]
[Result "1/2-1/2"]
[WhiteElo "2380"]
[BlackElo "2439"]
[WhiteFideId "-1"]
[BlackFideId "-1"]
[PlyCount "184"]
[GameId "2130307575509421"]
[EventDate "2022.05.30"]
[EventType "tourn"]
[EventRounds "9"]
[EventCountry "POL"]
[EventCategory "8"]
[SourceTitle "10 Days #689"]
[Source "ChessMix"]
[SourceDate "2022.06.10"]
[SourceVersion "1"]
[SourceVersionDate "2022.06.10"]
[SourceQuality "1"]

1. e4 c6 2. Nf3 d5 3. d3 Bg4 4. h3 Bxf3 5. Qxf3 e6 6. g3 Nf6 7. Bg2 Be7 8. O-O O-O 9. Nd2 a5 10. a4 Na6 11. Nb3 Nd7 12. d4 Qb6 13. Qe2 dxe4 14. Bxe4 Nf6 15. Bd3 Rfd8 16. Rd1 h6 17. Bc4 Nb4 18. c3 Nbd5 19. Bd2 Qc7 20. Bd3 Bd6 21. c4 Nb4 22. Be1 Bf8 23. Be4 b6 24. Bc3 Nd7 25. Bg2 Rac8 26. Rd2 Re8 27. Rad1 Na2 28. Qd3 Nxc3 29. bxc3 Nf6 30. Qb1 e5 31. Rd3 c5 32. dxe5 Rxe5 33. Nd2 Rce8 34. Nf3 R5e6 35. Re1 g6 36. Rxe6 Rxe6 37. Nd2 h5 38. Bd5 Re2 39. Kf1 Re8 40. Qb5 Kg7 41. Qc6 Qd8 42. Ne4 Re6 43. Qb7 Re7 44. Qc6 Re6 45. Qb7 Nxd5 46. Rxd5 Qe8 47. Ng5 Re1+ 48. Kg2 Be7 49. Nf3 Re6 50. Rd7 Bf6 51. h4 Re7 52. Rxe7 Bxe7 53. Qe4 Qd7 54. Ne5 Qc7 55. Nd3 Qd7 56. Nf4 Bf6 57. Qc2 Bxh4 58. Nd5 Bd8 59. Qd1 Qe6 60. Qd3 Bg5 61. Qf3 f5 62. Qd3 Bd8 63. Nf4 Qc6+ 64. Qd5 Qxd5+ 65. Nxd5 g5 66. f4 g4 67. Ne3 Kf6 68. Kf2 Ke6 69. Ke2 h4 70. gxh4 Bxh4 71. Ng2 Bf6 72. Kd3 Be7 73. Ke2 Bd6 74. Ke3 Be7 75. Ke2 Bf6 76. Kd3 Kf7 77. Ne3 Kg6 78. Nd5 Bd8 79. Ke2 Kh5 80. Kf2 Kh4 81. Kg2 g3 82. Ne3 Bc7 83. Nxf5+ Kg4 84. Ne3+ Kxf4 85. Nd5+ Ke4 86. Nxc7 Kd3 87. Nd5 Kxc4 88. Nxb6+ Kxc3 89. Kxg3 c4 90. Kf3 Kb3 91. Nxc4 Kxa4 92. Nxa5 Kxa5 1/2-1/2

[Event "Przeworsk GM"]
[Site "Przeworsk POL"]
[Date "2022.06.02"]
[Round "5.2"]
[White "Baum, Jonasz"]
[Black "Golubka, Petro"]
[Result "1/2-1/2"]
[WhiteElo "2409"]
[BlackElo "2380"]
[WhiteFideId "-1"]
[BlackFideId "-1"]
[PlyCount "115"]
[GameId "2130307575509423"]
[EventDate "2022.05.30"]
[EventType "tourn"]
[EventRounds "9"]
[EventCountry "POL"]
[EventCategory "8"]
[SourceTitle "10 Days #689"]
[Source "ChessMix"]
[SourceDate "2022.06.10"]
[SourceVersion "1"]
[SourceVersionDate "2022.06.10"]
[SourceQuality "1"]

1. d4 d5 2. c4 e6 3. Nf3 Nf6 4. Nc3 c6 5. Bg5 Nbd7 6. cxd5 cxd5 7. e3 Be7 8. Bd3 a6 9. Ne5 Nxe5 10. dxe5 Nd7 11. Bxe7 Qxe7 12. f4 Qb4 13. Qe2 Nc5 14. O-O Bd7 15. Rac1 O-O 16. Bb1 Bc6 17. Rfd1 Rad8 18. Rd4 Qb6 19. Rcd1 g6 20. h4 Ne4 21. Bxe4 dxe4 22. Rd6 Rxd6 23. Rxd6 Qc7 24. Qd2 h5 25. Qd4 Rc8 26. Kh2 Qe7 27. Kh3 Kg7 28. a4 a5 29. g3 Qc7 30. Qc5 Kg8 31. Rd4 Kg7 32. Kh2 b6 33. Qd6 Qb7 34. Rc4 b5 35. axb5 Bxb5 36. Rxc8 Qxc8 37. Qb6 Bd3 38. Qxa5 Qb7 39. Qa1 Qb6 40. Qc1 Qb4 41. Kg2 Qb3 42. Kf2 f6 43. exf6+ Kxf6 44. Qd2 Kf5 45. Kg2 Qb4 46. Nb1 Qb5 47. Nc3 Qb4 48. Qf2 Qb3 49. Ne2 Bxe2 50. Qxe2 Qb4 51. Qc2 Qb5 52. b3 Kf6 53. Qb2+ Kf7 54. b4 Qd3 55. Kf2 Qd1 56. Qe2 Qh1 57. b5 Ke7 58. b6 1/2-1/2

[Event "Przeworsk GM"]
[Site "Przeworsk POL"]
[Date "2022.06.02"]
[Round "6.4"]
[White "Golubka, Petro"]
[Black "Mikrut, Dariusz"]
[Result "1/2-1/2"]
[WhiteElo "2380"]
[BlackElo "2361"]
[WhiteFideId "-1"]
[BlackFideId "-1"]
[PlyCount "76"]
[GameId "2130307575509430"]
[EventDate "2022.05.30"]
[EventType "tourn"]
[EventRounds "9"]
[EventCountry "POL"]
[EventCategory "8"]
[SourceTitle "10 Days #689"]
[Source "ChessMix"]
[SourceDate "2022.06.10"]
[SourceVersion "1"]
[SourceVersionDate "2022.06.10"]
[SourceQuality "1"]

1. e4 c5 2. a3 g6 3. Bc4 Bg7 4. Nc3 Nc6 5. Nge2 Nf6 6. d3 d6 7. h3 O-O 8. O-O Be6 9. Bxe6 fxe6 10. Bg5 e5 11. Qb1 Qd7 12. b4 b6 13. b5 Nd4 14. Nxd4 cxd4 15. Qb3+ e6 16. Ne2 Nh5 17. g3 d5 18. f3 Rac8 19. a4 Rf7 20. g4 Bf6 21. Bd2 Ng7 22. a5 Bd8 23. axb6 Bxb6 24. Ng3 Rc5 25. Rab1 Qc8 26. Rb2 Qd7 27. Kg2 Ne8 28. Rc1 Nc7 29. Bb4 Rxb5 30. Qa2 Qd8 31. Bd2 Rxb2 32. Qxb2 Qd7 33. c4 dxc3 34. Bxc3 d4 35. Bb4 Kg7 36. h4 Na6 37. Ba3 Nc7 38. Bb4 Na6 1/2-1/2

[Event "Przeworsk GM"]
[Site "Przeworsk POL"]
[Date "2022.06.03"]
[Round "7.3"]
[White "Teclaf, Pawel"]
[Black "Golubka, Petro"]
[Result "1/2-1/2"]
[WhiteElo "2537"]
[BlackElo "2380"]
[WhiteFideId "-1"]
[BlackFideId "-1"]
[PlyCount "64"]
[GameId "2130307575509434"]
[EventDate "2022.05.30"]
[EventType "tourn"]
[EventRounds "9"]
[EventCountry "POL"]
[EventCategory "8"]
[SourceTitle "10 Days #689"]
[Source "ChessMix"]
[SourceDate "2022.06.10"]
[SourceVersion "1"]
[SourceVersionDate "2022.06.10"]
[SourceQuality "1"]

1. e4 c5 2. Nf3 Nc6 3. d4 cxd4 4. Nxd4 Nf6 5. Nc3 e5 6. Ndb5 h6 7. Nd6+ Bxd6 8. Qxd6 Qe7 9. Qxe7+ Kxe7 10. b3 d6 11. Ba3 a6 12. O-O-O Rd8 13. Nd5+ Nxd5 14. Rxd5 Be6 15. Rd2 b5 16. Be2 b4 17. Bb2 f6 18. Kb1 a5 19. Rc1 d5 20. exd5 Bxd5 21. f3 Be6 22. Rcd1 Bf5 23. Rxd8 Rxd8 24. Rxd8 Kxd8 25. Kc1 Nd4 26. Bd1 Nb5 27. Kd2 Kc7 28. Be2 Kc6 29. Bd3 Bxd3 30. Kxd3 Nd6 31. c3 h5 32. g3 g6 1/2-1/2

[Event "Przeworsk GM"]
[Site "Przeworsk POL"]
[Date "2022.06.04"]
[Round "8.3"]
[White "Golubka, Petro"]
[Black "Fus, Jakub"]
[Result "1/2-1/2"]
[WhiteElo "2380"]
[BlackElo "2378"]
[WhiteFideId "-1"]
[BlackFideId "-1"]
[PlyCount "119"]
[GameId "2130307575509439"]
[EventDate "2022.05.30"]
[EventType "tourn"]
[EventRounds "9"]
[EventCountry "POL"]
[EventCategory "8"]
[SourceTitle "10 Days #689"]
[Source "ChessMix"]
[SourceDate "2022.06.10"]
[SourceVersion "1"]
[SourceVersionDate "2022.06.10"]
[SourceQuality "1"]

1. e4 c6 2. d4 d5 3. f3 dxe4 4. fxe4 e5 5. Nf3 Bg4 6. Bc4 Nd7 7. Nc3 Bd6 8. d5 Nb6 9. Bb3 Nf6 10. dxc6 bxc6 11. h3 Bh5 12. Qe2 Qe7 13. Bg5 h6 14. Bd2 a5 15. Na4 Nbd7 16. c3 O-O 17. O-O-O Nc5 18. Nxc5 Bxc5 19. Kb1 Bg6 20. Bc2 Nh5 21. Qe1 a4 22. Nh4 Nf4 23. g3 Ne6 24. Qe2 Kh7 25. Bc1 a3 26. b3 Bb6 27. Rhf1 Qc5 28. Qe1 Rfd8 29. Rxd8 Rxd8 30. Nxg6 fxg6 31. h4 Rf8 32. Rxf8 Qxf8 33. g4 Bf2 34. Qf1 Qf6 35. g5 Qf3 36. gxh6 Nc5 37. hxg7 Kxg7 38. Qd1 Qxc3 39. Qd2 Qxd2 40. Bxd2 Ne6 41. Bc1 Bc5 42. Bd2 Be7 43. Be1 Nf4 44. b4 Ne2 45. Bd1 Nd4 46. Bg3 Kf6 47. Be1 Bf8 48. Bg4 Bh6 49. Bc3 Nb5 50. Be1 Nd4 51. Bc3 Ke7 52. Bxd4 exd4 53. Kc2 Kd6 54. Kd3 Be3 55. Bd1 Bf2 56. h5 gxh5 57. Bxh5 Be1 58. Kxd4 Bxb4 59. e5+ Ke7 60. Ke4 1/2-1/2

[Event "Przeworsk GM"]
[Site "Przeworsk POL"]
[Date "2022.06.05"]
[Round "9.4"]
[White "Omelja, Artem"]
[Black "Golubka, Petro"]
[Result "1/2-1/2"]
[WhiteElo "2515"]
[BlackElo "2380"]
[WhiteFideId "-1"]
[BlackFideId "-1"]
[PlyCount "61"]
[GameId "2130307575509445"]
[EventDate "2022.05.30"]
[EventType "tourn"]
[EventRounds "9"]
[EventCountry "POL"]
[EventCategory "8"]
[SourceTitle "10 Days #689"]
[Source "ChessMix"]
[SourceDate "2022.06.10"]
[SourceVersion "1"]
[SourceVersionDate "2022.06.10"]
[SourceQuality "1"]

1. d4 d5 2. c4 c6 3. Nc3 Nf6 4. cxd5 cxd5 5. Bf4 e6 6. e3 Nc6 7. Bd3 Bd6 8. Bxd6 Qxd6 9. f4 Nb4 10. Bb1 Bd7 11. Nf3 O-O 12. O-O Rfc8 13. a3 Nc6 14. Bd3 Na5 15. Ne5 Nc4 16. Bxc4 dxc4 17. e4 b5 18. Qd2 a5 19. Qe3 h6 20. Ne2 b4 21. axb4 Qxb4 22. Nc3 a4 23. h3 a3 24. bxa3 Rxa3 25. Rxa3 Qxa3 26. Qc1 Qa7 27. Rd1 Bc6 28. Qe3 Bb7 29. Kh2 Qa8 30. Re1 Qa7 31. Rd1 1/2-1/2